MARC

LEADER 00000nam0a2200000 4500
001 72585
005 20231031083702.0
035 |a (RuTPU)RU\TPU\book\77394 
090 |a 72585 
100 |a 20050127d1987 k y0rusy50 ca 
101 0 |a rus 
102 |a RU 
105 |a y e 001zy 
200 1 |a Синонимы и антонимы в научной и технической литературе  |f А. И. Шнирельман  |g Всесоюзный институт научной и технической информации (ВИНИТИ); под ред. Р. С. Гиляревского 
210 |a Москва  |c ВИНИТИ  |d 1987 
215 |a 174, [2] с. 
320 |a Библиогр.: с. 175 
610 1 |a русский язык 
610 1 |a синонимы 
610 1 |a антонимы 
610 1 |a словари 
610 1 |a научная литература 
610 1 |a техническая литература 
686 |a Ш141.2-3  |v LBC/SL-A  |2 rubbk 
700 1 |a Шнирельман  |b А. И.  |g Александр Исаевич 
702 1 |a Гиляревский  |b Р. С.  |4 340 
712 0 2 |a Академия наук СССР (АН СССР)  |b Всесоюзный институт научной и технической информации (ВИНИТИ)  |c (Москва)  |2 stltpush  |3 (RuTPU)RU\TPU\col\8361 
801 1 |a RU  |b 63413507  |c 20050127  |g PSBO 
801 2 |a RU  |b 63413507  |c 20120712  |g PSBO 
942 |c BK